000 00753nam a2200229Ia 4500
999 _c50827
_d50827
001 17781
003 GE_BSU
005 20200224121801.0
008 181216s2007fr xx |||||||||||||| ||fre||
020 _a9782090352160
040 _cGE_BSU
041 _afre
080 _a811.133.1 M-67
100 _aMiquel, Claire.
_97389
245 _aGrammaire En Dialogues: Niveau Intermediaire :
_bWith CD (Audio)] /
_cClaire Miquel ; Edition. Odile Tanoh-Benon.
260 _bParis :
_aCLE International,
_c2007.
300 _a128 p.:
_bill;
_c27 cm.
_e+1CD
653 _aGrammaire En Dialogues: Niveau Intermediaire
653 _aფრანგული ენა
700 _aTanoh-Benon, Odile
_eრედაქტორი
_97390
942 _cBK
_2udc